000
00425nam a2200169Ia 4500
008
090711s9999 xx 000 0 und d
082
_b
53686
100
_a
काळे वैजयंती
245
_a
तडा
260
_c
1986
300
_a
158
600
_a
काळे वैजयंती
630
_a
तडा
700
_a
काळे वैजयंती
730
_a
तडा
942
_c
BOOK
999
_c
302221
_d
302221